Tilastot visalle Yhdistettyjä valtioiden muotoja #2

Klikkaa tästä pelataksesi tätä visaa!

Yleistilastot

  • Tätä visaa on pelattu 221 kertaa
  • Keskiarvotulos 23 / 32

Vastaustilastot

Country% Oikein
Ranska
99%
Italia
99%
Kreikka
94%
Turkki
91%
Albania
90%
Kiina
90%
Thaimaa
88%
Argentiina
85%
Bulgaria
85%
Mongolia
83%
Malesia
82%
Marokko
80%
Uruguay
79%
Algeria
79%
Israel
74%
Mali
72%
Peru
72%
Nigeria
70%
Tšad
70%
Libanon
70%
Saudi-Arabia
69%
Ecuador
68%
Jordania
66%
Yhdistyneet arabiemiirikunnat
64%
Irak
64%
Senegal
64%
Latvia
58%
Viro
58%
Eritrea
46%
Djibouti
46%
Honduras
37%
Guatemala
37%

Tulosjakauma

Persentiili vastausten määrän mukaan

Jokaisen tuloksen saaneiden osuus

Tuloshistoriasi

Et ole pelannut tätä visaa